Séries TV de A à Z - Statistiques

Statistiques générales
  • Ce quiz a été pris 4 981 fois
  • Le résultat moyen est 9 sur 26
Statistiques - réponses
Lettres Indices Série TV % Correct
B Un enseignant devient fabriquant de drogue Breaking Bad
90%
E Les déboires des élèves d'un lycée espagnol Elite
77%
V Des guerriers nordiques Vikings
77%
L Braquage au masque moustachu La casa de papel
72%
S Ne bougez surtout pas devant cette poupée géante Squid Game
64%
P Un gang de la fin du 19ème siècle Peaky Blinders
63%
H Un homme raconte à ses enfants pendant plusieurs années comment il a rencontré leur mère How I Met Your Mother
61%
X Deux agents du FBI travaillent sur des affaires non-résolues impliquant du paranormal X-Files
52%
O Des personnages de contes de fées qui ne savent pas qui ils sont Once Upon A Time
48%
C Un homme rouvre le dojo de karaté de son enfance et ravive par la même occasion une vieille rivalité Cobra Kai
47%
R Une ville qui semble calme mais qui cache de nombreux dangers et une face très sombre Riverdale
36%
T Des super-héros qui ne sont pas si gentils que cela The Boys
35%
Z Tout les animaux du monde deviennent agressifs envers l'homme Zoo
33%
K C'est pas faux Kaamelott
31%
N Une fille débarque dans une colocation composée de 3 hommes New Girl
26%
Q Une nouvelle recrue du FBI est accusée d'attentat Quantico
25%
U Une vache coupée net en deux Under The Dome
23%
A Une épidémie zombie débute dans un lycée All of Us Are Dead
22%
F A Los Angeles, on y découvre le début d'une épidémie qui deviendra mondiale Fear The Walking Dead
15%
M Des jeunes en TIG se découvrent des pouvoirs après un orage Misfits
15%
G Un jour, je suis rentré dans un bordel avec un âne et du miel… Game of Thrones
14%
W Une petite ville est entourée d'un champ de force hexagonal et saute de décennie en décennie WandaVision
6%
D Un bombardement nucléaire a transformé tout les adultes en mangeur de chair humaine Daybreak
5%
I Des gens fuient le soleil en avion pour ne pas mourir Into The Night
3%
Y Tout les hommes du monde meurent, sauf un Y, le dernier homme
3%
J Un super-héros au code d'honneur très strict a du mal à gérer ses enfants Jupiter's Legacy
1%
Aucun quiz correspondant
Distribution des résultats
% des personnes avec chaque résultat
Percentile par nombre de réponses
Votre historique - résultats
Vous n’avez pas pris ce quiz